000 00645nam a22002057a 4500
008 150119b xxu||||| |||| 00| 0 eng d
020 _a0198244770
050 _aQC6.4 C3 C37 1989
100 _aCartwright, Nancy
_94653
245 _aNature's Capacities and their Measurement/
_cNancy Cartwright.
260 _aOxford :
_bClarendon Press,
_c1989.
300 _a268p.
_c22 cm
500 _aIncludes bibliography and index.
650 _aCausality (Physics)
_913879
650 _aProbabilities
_92769
650 _aPhysics
_xPhilosophy
_914185
650 _aQuantam theory
_914186
650 _aEconometrics
_913468
942 _2lcc
_cMONOGRAPH
999 _c121751
_d121751